[Event "CYCC U10 w"]
[Site "Kapuskasing CAN"]
[Date "2004.07.07"]
[Round "4"]
[White "Botez, Alexandra"]
[Black "Roy, Myriam"]
[Result "1/2-1/2"]
[WhiteElo "1272"]
[BlackElo "985"]
[PlyCount "113"]
[GameId "2160767911095824"]
[EventDate "2004.07.06"]
[EventType "swiss"]
[EventRounds "7"]
[EventCountry "CAN"]
[SourceTitle "EXT 2006"]
[Source "ChessBase"]
[SourceDate "2005.11.24"]
[SourceVersion "1"]
[SourceVersionDate "2005.11.24"]
[SourceQuality "1"]

1. Nf3 d5 2. c4 c6 3. b3 Nf6 4. Bb2 Nbd7 5. d4 e6 6. Nbd2 Be7 7. e3 O-O 8. Bd3 b6 9. O-O Bb7 10. cxd5 cxd5 11. Rc1 Rc8 12. Rxc8 Qxc8 13. Qc1 Qb8 14. Re1 Rc8 15. Qb1 h6 16. Rc1 Rxc1+ 17. Qxc1 Bd6 18. h3 Kf8 19. Ba3 Ke7 20. Bxd6+ Qxd6 21. Kf1 Qc6 22. Qxc6 Bxc6 23. Ke1 Kd6 24. Kd1 e5 25. dxe5+ Nxe5 26. Nxe5 Kxe5 27. f4+ Kd6 28. Kc2 Ne4 29. Bxe4 dxe4 30. Kc3 f6 31. g4 g6 32. Kd4 f5 33. Nc4+ Ke6 34. Ne5 Be8 35. a3 g5 36. gxf5+ Kxf5 37. fxg5 hxg5 38. Nc4 Bc6 39. Nd6+ Kg6 40. Nxe4 Kh5 41. Nf6+ Kh4 42. Ke5 Bg2 43. Kf5 Bxh3+ 44. Ke4 g4 45. Nxg4 Kxg4 46. Kd5 Bg2+ 47. Kd6 Be4 48. Ke5 Kf3 49. Kd4 Bb7 50. Kd3 a6 51. b4 a5 52. bxa5 bxa5 53. a4 Bc6 54. e4 Bxe4+ 55. Kc4 Bc6 56. Kc5 Bxa4 57. Kb6 1/2-1/2

[Event "CYCC U10 w"]
[Site "Kapuskasing CAN"]
[Date "2004.07.07"]
[Round "4"]
[White "Frenette, Carolyne"]
[Black "Nguyen, Bich-Lan"]
[Result "0-1"]
[WhiteElo "505"]
[BlackElo "923"]
[PlyCount "82"]
[GameId "2160767911095825"]
[EventDate "2004.07.06"]
[EventType "swiss"]
[EventRounds "7"]
[EventCountry "CAN"]
[SourceTitle "EXT 2006"]
[Source "ChessBase"]
[SourceDate "2005.11.24"]
[SourceVersion "1"]
[SourceVersionDate "2005.11.24"]
[SourceQuality "1"]

1. e4 e5 2. Nf3 Nc6 3. Bc4 Be7 4. d4 exd4 5. Nxd4 Nf6 6. Nxc6 dxc6 7. Nc3 Qxd1+ 8. Nxd1 Nxe4 9. Bd3 Nf6 10. Bf4 Bd6 11. Bxd6 cxd6 12. O-O O-O 13. Ne3 b5 14. Bf5 Be6 15. Rad1 Rad8 16. Bxe6 fxe6 17. Rd2 a5 18. c4 b4 19. Rfd1 d5 20. b3 Rf7 21. cxd5 exd5 22. f4 Ne4 23. Re2 Nc3 24. Rde1 Nxe2+ 25. Rxe2 Re8 26. g3 d4 27. Kf2 Rfe7 28. Rc2 Rxe3 29. Rxc6 d3 30. Rc1 d2 31. Rd1 Re2+ 32. Kf3 Rxh2 33. f5 Re1 34. Rxd2 Rxd2 35. a4 bxa3 36. Kf4 a2 37. g4 a1=Q 38. g5 Qe5+ 39. Kg4 Rg1+ 40. Kf3 Rd3+ 41. Kf2 Qe3# 0-1

[Event "CYCC U10 w"]
[Site "Kapuskasing CAN"]
[Date "2004.07.07"]
[Round "4"]
[White "Greene, Bianca"]
[Black "Ruiter, Erika"]
[Result "1/2-1/2"]
[WhiteElo "794"]
[BlackElo "758"]
[PlyCount "134"]
[GameId "2160767911095826"]
[EventDate "2004.07.06"]
[EventType "swiss"]
[EventRounds "7"]
[EventCountry "CAN"]
[SourceTitle "EXT 2006"]
[Source "ChessBase"]
[SourceDate "2005.11.24"]
[SourceVersion "1"]
[SourceVersionDate "2005.11.24"]
[SourceQuality "1"]

1. e3 e5 2. Nh3 d5 3. g3 Nf6 4. f3 Nc6 5. d3 Bxh3 6. Bxh3 Bb4+ 7. c3 Ba5 8. b3 O-O 9. a3 d4 10. exd4 exd4 11. Bd2 dxc3 12. Bxc3 Bxc3+ 13. Nxc3 Qd4 14. Ne2 Rfe8 15. Kf1 Qd5 16. Nf4 Qd4 17. Bf5 Re7 18. h4 Rae8 19. Kg2 Qb2+ 20. Kh3 Qe5 21. Re1 Qxf5+ 22. g4 Qd7 23. Ng2 Rxe1 24. Nxe1 h5 25. Kh2 Qd6+ 26. f4 Qxf4+ 27. Kg2 Qxg4+ 28. Kf2 Qxh4+ 29. Kg1 Qg3+ 30. Ng2 h4 31. Ra2 h3 32. Qf1 hxg2 33. Rxg2 Re1 34. Rxg3 Rxf1+ 35. Kxf1 Nd4 36. b4 Nc2 37. b5 Nxa3 38. Rg5 Nh7 39. Rc5 c6 40. bxc6 bxc6 41. Rxc6 Ng5 42. d4 Kf8 43. d5 Ke8 44. Rc7 a5 45. d6 Kd8 46. Kf2 Nb5 47. Re7 Nxd6 48. Ra7 Nc4 49. Ke2 Kc8 50. Kd3 Kb8 51. Re7 Nb2+ 52. Kc3 Na4+ 53. Kb3 Nc5+ 54. Ka3 a4 55. Re5 Nge4 56. Rf5 Ne6 57. Rxf7 g5 58. Kxa4 g4 59. Rf1 g3 60. Rg1 Kc7 61. Kb4 Kd6 62. Kc4 Ke5 63. Kd3 Nf4+ 64. Kc4 g2 65. Re1 Kf5 66. Kd4 Ng5 67. Ke3 Nfh3 1/2-1/2

[Event "CYCC U10 w"]
[Site "Kapuskasing CAN"]
[Date "2004.07.07"]
[Round "4"]
[White "Valeriote, Alexandra"]
[Black "Orlova, Yelizaveta"]
[Result "0-1"]
[WhiteElo "836"]
[BlackElo "1108"]
[PlyCount "82"]
[GameId "2160767911095828"]
[EventDate "2004.07.06"]
[EventType "swiss"]
[EventRounds "7"]
[EventCountry "CAN"]
[SourceTitle "EXT 2006"]
[Source "ChessBase"]
[SourceDate "2005.11.24"]
[SourceVersion "1"]
[SourceVersionDate "2005.11.24"]
[SourceQuality "1"]

1. e4 c5 2. Nf3 d6 3. Nc3 Nf6 4. Bb5+ Bd7 5. Bxd7+ Qxd7 6. O-O g6 7. d3 Bg7 8. Bg5 O-O 9. Bxf6 Bxf6 10. Re1 Nc6 11. Nd5 Bxb2 12. Rb1 Bg7 13. Nh4 e6 14. Nf4 g5 15. Qg4 gxf4 16. Qxf4 Qe7 17. g3 Rfd8 18. Qg4 Ne5 19. Qf4 Qf6 20. Qxf6 Bxf6 21. Rbd1 Bxh4 22. gxh4 Nf3+ 23. Kh1 Nxe1 24. Rxe1 b5 25. Rg1+ Kf8 26. f4 a5 27. c4 b4 28. e5 dxe5 29. fxe5 Rxd3 30. Re1 a4 31. Kg2 b3 32. axb3 axb3 33. Rb1 Ra2+ 34. Kf1 b2 35. Ke1 Rh3 36. Ke2 Rxh2+ 37. Ke3 Ra1 38. Rxb2 Rxb2 39. Ke4 Rb4 40. Kd3 Ra3+ 41. Ke4 Rxc4# 0-1

[Event "CYCC U10 w"]
[Site "Kapuskasing CAN"]
[Date "2004.07.08"]
[Round "5"]
[White "Greene, Bianca"]
[Black "Arseneau, Severine"]
[Result "0-1"]
[WhiteElo "794"]
[BlackElo "697"]
[PlyCount "46"]
[GameId "2160767911095829"]
[EventDate "2004.07.06"]
[EventType "swiss"]
[EventRounds "7"]
[EventCountry "CAN"]
[SourceTitle "EXT 2006"]
[Source "ChessBase"]
[SourceDate "2005.11.24"]
[SourceVersion "1"]
[SourceVersionDate "2005.11.24"]
[SourceQuality "1"]

1. e3 e5 2. f3 d5 3. g3 Nc6 4. d3 Nf6 5. c3 Bc5 6. b3 O-O 7. h3 d4 8. a3 dxe3 9. Rh2 e2 10. Rxe2 Bxg1 11. h4 Bf5 12. Rg2 Bb6 13. Rh2 Re8 14. Raa2 Re7 15. h5 Rd7 16. Rh4 Bxd3 17. Bxd3 Rxd3 18. Qe2 h6 19. Bb2 g5 20. Rh3 Qd7 21. g4 Rd8 22. c4 Rd1+ 23. Qxd1 Qxd1# 0-1

[Event "CYCC U10 w"]
[Site "Kapuskasing CAN"]
[Date "2004.07.08"]
[Round "5"]
[White "Nguyen, Bich-Lan"]
[Black "Orlova, Yelizaveta"]
[Result "0-1"]
[WhiteElo "923"]
[BlackElo "1108"]
[PlyCount "102"]
[GameId "2160767911095830"]
[EventDate "2004.07.06"]
[EventType "swiss"]
[EventRounds "7"]
[EventCountry "CAN"]
[SourceTitle "EXT 2006"]
[Source "ChessBase"]
[SourceDate "2005.11.24"]
[SourceVersion "1"]
[SourceVersionDate "2005.11.24"]
[SourceQuality "1"]

1. e4 c5 2. Nf3 d6 3. d4 cxd4 4. Nxd4 Nf6 5. Nc3 g6 6. Bc4 Bg7 7. Be3 O-O 8. f3 Nc6 9. Qd2 Bd7 10. O-O-O Rc8 11. g4 Nxd4 12. Qxd4 Nxg4 13. Qd3 Nxe3 14. Qxe3 Rxc4 15. Qd3 Qc8 16. Nd5 Re8 17. Ne3 Rc5 18. Rd2 Qc6 19. h4 Qb5 20. Qxb5 Bxb5 21. Nd5 Bh6 22. f4 Bc6 23. Kb1 Bxd5 24. exd5 Bxf4 25. Rd3 Rec8 26. c3 b5 27. a3 f5 28. Rg1 Kf7 29. Kc2 a5 30. Kb3 e6 31. dxe6+ Kxe6 32. Re1+ Kd7 33. a4 bxa4+ 34. Kxa4 Ra8 35. Red1 h6 36. Rd4 g5 37. hxg5 hxg5 38. b4 axb4+ 39. Kxb4 Be5 40. R4d3 g4 41. Rf1 f4 42. Rg1 Rb8+ 43. Ka4 Rc7 44. Rd5 g3 45. Rgd1 Ra7+ 46. Ra5 Rxa5+ 47. Kxa5 Bxc3+ 48. Ka4 f3 49. Rd3 Be5 50. Rd1 f2 51. Rf1 g2 0-1

[Event "CYCC U10 w"]
[Site "Kapuskasing CAN"]
[Date "2004.07.08"]
[Round "5"]
[White "Roy, Myriam"]
[Black "Arseneau, Josiane"]
[Result "0-1"]
[WhiteElo "985"]
[BlackElo "602"]
[PlyCount "74"]
[GameId "2160767911095832"]
[EventDate "2004.07.06"]
[EventType "swiss"]
[EventRounds "7"]
[EventCountry "CAN"]
[SourceTitle "EXT 2006"]
[Source "ChessBase"]
[SourceDate "2005.11.24"]
[SourceVersion "1"]
[SourceVersionDate "2005.11.24"]
[SourceQuality "1"]

1. e4 e5 2. Nf3 Nc6 3. Bc4 Nf6 4. Ng5 Qe7 5. Nxf7 Rg8 6. Ng5 Rh8 7. Bf7+ Kd8 8. Bc4 Rg8 9. Bxg8 Nxg8 10. Nxh7 b6 11. Qf3 Ke8 12. Nxf8 Qxf8 13. Qxf8+ Kxf8 14. O-O Ba6 15. Re1 Re8 16. b3 Na5 17. Bb2 Bb7 18. Nc3 Nc6 19. Nd5 Rc8 20. Re3 Nce7 21. Nxe7 Nxe7 22. Bxe5 d6 23. Bc3 Rd8 24. d3 c5 25. Rg3 d5 26. Bxg7+ Kg8 27. exd5 Bxd5 28. Bf6+ Kf7 29. Bxe7 Kxe7 30. Rg7+ Kf8 31. Rxa7 Rd6 32. Re1 Rd8 33. Ree7 Ba8 34. Rh7 Kg8 35. Rag7+ Kf8 36. Rg6 Re8 37. g3 Re1# 0-1

[Event "CYCC U10 w"]
[Site "Kapuskasing CAN"]
[Date "2004.07.08"]
[Round "5"]
[White "Ruiter, Erika"]
[Black "Frenette, Carolyne"]
[Result "0-1"]
[WhiteElo "758"]
[BlackElo "505"]
[PlyCount "118"]
[GameId "2160767911095833"]
[EventDate "2004.07.06"]
[EventType "swiss"]
[EventRounds "7"]
[EventCountry "CAN"]
[SourceTitle "EXT 2006"]
[Source "ChessBase"]
[SourceDate "2005.11.24"]
[SourceVersion "1"]
[SourceVersionDate "2005.11.24"]
[SourceQuality "1"]

1. e4 e5 2. d4 Bd6 3. Nf3 Nc6 4. dxe5 Bxe5 5. Nxe5 Nxe5 6. Nc3 Nf6 7. Bg5 d6 8. Bxf6 Qxf6 9. Bb5+ c6 10. Ba4 b5 11. Bb3 O-O 12. O-O Bg4 13. Qe1 Be6 14. Bxe6 Qxe6 15. Qe3 Nc4 16. Qg3 Nxb2 17. Ne2 g6 18. Nf4 Qc4 19. Qb3 Qxe4 20. Qxb2 Qxf4 21. Qc1 Qc4 22. Re1 Rfe8 23. Rxe8+ Rxe8 24. Qb2 Re2 25. h3 Rxc2 26. Qf6 Rxa2 27. Re1 Re2 28. Rxe2 Qxe2 29. Qd8+ Kg7 30. Qxd6 Qe1+ 31. Kh2 Qxf2 32. Qxc6 b4 33. Qb7 Qb6 34. Qd5 b3 35. Qd1 b2 36. Qb1 a5 37. Kg3 a4 38. Kf3 a3 39. Ke2 a2 40. Qxa2 b1=Q 41. Qc4 Q1b3 42. Qe4 Qc5 43. Qe8 Qcc2+ 44. Kf1 Qbb1+ 45. Qe1 Qxe1+ 46. Kxe1 Qd3 47. Kf2 f5 48. Kg1 f4 49. Kh2 f3 50. gxf3 Qxf3 51. Kg1 Qxh3 52. Kf2 h5 53. Kg1 h4 54. Kf2 Qg3+ 55. Kf1 h3 56. Ke2 h2 57. Kd2 h1=Q 58. Ke2 Qhh2+ 59. Kf1 Qgg1# 0-1

[Event "CYCC U10 w"]
[Site "Kapuskasing CAN"]
[Date "2004.07.08"]
[Round "5"]
[White "Valeriote, Alexandra"]
[Black "Botez, Alexandra"]
[Result "0-1"]
[WhiteElo "836"]
[BlackElo "1272"]
[PlyCount "102"]
[GameId "2160767911095834"]
[EventDate "2004.07.06"]
[EventType "swiss"]
[EventRounds "7"]
[EventCountry "CAN"]
[SourceTitle "EXT 2006"]
[Source "ChessBase"]
[SourceDate "2005.11.24"]
[SourceVersion "1"]
[SourceVersionDate "2005.11.24"]
[SourceQuality "1"]

1. e4 c5 2. Nf3 Nc6 3. Nc3 d6 4. Bb5 Bd7 5. O-O a6 6. Bxc6 Bxc6 7. d3 e6 8. Re1 Be7 9. d4 cxd4 10. Nxd4 e5 11. Nxc6 bxc6 12. b3 Nf6 13. Bg5 O-O 14. Bxf6 Bxf6 15. a4 Qd7 16. g3 Rfd8 17. Qd2 Rac8 18. Red1 Qg4 19. Qe2 Qxe2 20. Nxe2 d5 21. exd5 cxd5 22. Nc3 e4 23. Nxd5 Rxd5 24. Rxd5 Bxa1 25. Ra5 Rc6 26. c4 Bc3 27. Rd5 Kf8 28. a5 Ke7 29. Kf1 Ke6 30. Ke2 Rd6 31. Rg5 h6 32. Rxg7 Bxg7 33. b4 Rd8 34. b5 axb5 35. cxb5 Rd5 36. b6 Rxa5 37. Ke3 Ke5 38. b7 Rb5 39. b8=Q+ Rxb8 40. f4+ Kd5 41. g4 Rb3+ 42. Ke2 Kd4 43. Kf2 e3+ 44. Kf3 Rb2 45. h4 e2 46. Kf2 e1=Q+ 47. Kxe1 Kd3 48. Kf1 Ke3 49. Kg1 Kf3 50. Kh1 Kg3 51. h5 Rb1# 0-1

[Event "CYCC U10 w"]
[Site "Kapuskasing CAN"]
[Date "2004.07.08"]
[Round "6"]
[White "Arseneau, Josiane"]
[Black "Packo, Bianca"]
[Result "1-0"]
[WhiteElo "602"]
[BlackElo "794"]
[PlyCount "81"]
[GameId "2160767911095836"]
[EventDate "2004.07.06"]
[EventType "swiss"]
[EventRounds "7"]
[EventCountry "CAN"]

1. e4 Nh6 2. d4 Na6 3. Bb5 Nb8 4. Bg5 f6 5. Bf4 e6 6. Nc3 Ng4 7. Qxg4 Bb4 8. a3 Ba5 9. b4 Bb6 10. Qxg7 Rf8 11. Nf3 a5 12. O-O axb4 13. axb4 Ra6 14. Bxa6 bxa6 15. Be3 Bb7 16. Nh4 Nc6 17. Nf3 Nxb4 18. Nd2 Nxc2 19. Rfe1 Nxd4 20. Bxd4 Bxd4 21. Ne2 Bc5 22. Qxh7 Bb4 23. Rad1 a5 24. Nb3 a4 25. Nbc1 Bxe4 26. Qxe4 Qe7 27. Rd4 Rh8 28. Rxb4 Qh7 29. f3 Qxh2+ 30. Kf2 Rh5 31. Ng3 Rg5 32. Qf4 Rg6 33. Rxa4 c5 34. Qf5 Qxg3+ 35. Ke2 Rh6 36. Rg4 Qh2 37. Nd3 Rh8 38. Qxf6 Qh7 39. Qe5 Kd8 40. Ra1 Re8 41. Ra8+ 1-0

[Event "CYCC U10 w"]
[Site "Kapuskasing CAN"]
[Date "2004.07.08"]
[Round "6"]
[White "Botez, Alexandra"]
[Black "Frenette, Carolyne"]
[Result "1-0"]
[WhiteElo "1272"]
[BlackElo "505"]
[PlyCount "108"]
[GameId "2160767911095837"]
[EventDate "2004.07.06"]
[EventType "swiss"]
[EventRounds "7"]
[EventCountry "CAN"]

1. Nf3 Nc6 2. c4 e5 3. d3 Be7 4. g3 Nd4 5. Nxe5 d6 6. Nf3 Nxf3+ 7. exf3 Qd7 8. Nc3 Nf6 9. Bg2 Qe6+ 10. Qe2 Qxe2+ 11. Nxe2 O-O 12. O-O Bf5 13. d4 Bd3 14. Re1 Bxc4 15. Nc3 Rfe8 16. Bg5 h6 17. Bxf6 Bxf6 18. Rxe8+ Rxe8 19. Rd1 c5 20. dxc5 Bxc3 21. bxc3 dxc5 22. a3 b6 23. Bf1 Bxf1 24. Kxf1 a5 25. Re1 Rd8 26. Ke2 b5 27. Rb1 Rb8 28. Kd2 b4 29. axb4 axb4 30. cxb4 cxb4 31. Kd3 b3 32. Kc3 b2 33. Rxb2 Rxb2 34. Kxb2 f5 35. Kc3 Kf7 36. Kd4 Ke6 37. f4 g6 38. Ke3 g5 39. fxg5 hxg5 40. h4 g4 41. h5 Kf6 42. Kf4 Ke6 43. Kg5 Kf7 44. Kxf5 Kg7 45. Kxg4 Kh6 46. Kh4 Kh7 47. g4 Kg7 48. f4 Kf7 49. f5 Kg7 50. h6+ Kh8 51. g5 Kg8 52. f6 Kf8 53. h7 Ke8 54. h8=Q+ Kd7 1-0

[Event "CYCC U10 w"]
[Site "Kapuskasing CAN"]
[Date "2004.07.08"]
[Round "6"]
[White "Orlova, Yelizaveta"]
[Black "Arseneau, Severine"]
[Result "1-0"]
[WhiteElo "1108"]
[BlackElo "697"]
[PlyCount "57"]
[GameId "2160767911095838"]
[EventDate "2004.07.06"]
[EventType "swiss"]
[EventRounds "7"]
[EventCountry "CAN"]

1. e4 e5 2. Nf3 Nc6 3. Nc3 Nf6 4. Bb5 d6 5. d4 Bg4 6. d5 a6 7. Ba4 Nd7 8. dxc6 bxc6 9. Bxc6 Rb8 10. O-O Be7 11. Nd5 O-O 12. Qd3 Nc5 13. Qe3 Be6 14. Nxe7+ Qxe7 15. Re1 Rb6 16. Bd5 Bxd5 17. exd5 c6 18. dxc6 Rxc6 19. Qg5 f6 20. Qe3 Re8 21. b4 Na4 22. Qb3+ Kf8 23. Qxa4 Qb7 24. Be3 Rec8 25. Rad1 Rc4 26. Qb3 Rxb4 27. Qe6 Rd8 28. Rxd6 Rb1 29. Rd7 1-0

[Event "CYCC U10 w"]
[Site "Kapuskasing CAN"]
[Date "2004.07.08"]
[Round "6"]
[White "Roy, Myriam"]
[Black "Nguyen, Bich-Lan"]
[Result "1-0"]
[WhiteElo "985"]
[BlackElo "923"]
[PlyCount "87"]
[GameId "2160767911095839"]
[EventDate "2004.07.06"]
[EventType "swiss"]
[EventRounds "7"]
[EventCountry "CAN"]

1. e4 e5 2. Nf3 Nc6 3. Bc4 Be7 4. Nc3 Nf6 5. d4 Nxe4 6. Bxf7+ Kxf7 7. Nxe4 d5 8. Nc3 Bg4 9. h3 Bh5 10. g4 Bg6 11. Nxe5+ Nxe5 12. dxe5 Bb4 13. Bd2 Re8 14. Qf3+ Kg8 15. Qxd5+ Qxd5 16. Nxd5 Rxe5+ 17. Ne3 Bc5 18. c3 Rae8 19. Ke2 b5 20. h4 h6 21. Rag1 Bf7 22. b3 Re4 23. Rh3 Be6 24. Rhg3 Bd6 25. R3g2 Bd5 26. Kd1 Bc6 27. f3 Rf4 28. Rf2 Bxf3+ 29. Ke1 Rf7 30. g5 hxg5 31. hxg5 Bh2 32. g6 Rf6 33. Rxh2 Rfe6 34. Rg3 Rxe3+ 35. Bxe3 Rxe3+ 36. Kd2 Re2+ 37. Rxe2 Bxe2 38. Kxe2 Kf8 39. Re3 a5 40. a4 c6 41. c4 bxc4 42. bxc4 c5 43. Kf3 Kg8 44. Re8# 1-0

[Event "CYCC U10 w"]
[Site "Kapuskasing CAN"]
[Date "2004.07.08"]
[Round "6"]
[White "Ruiter, Erika"]
[Black "Valeriote, Alexandra"]
[Result "1-0"]
[WhiteElo "759"]
[BlackElo "836"]
[PlyCount "83"]
[GameId "2160767911095840"]
[EventDate "2004.07.06"]
[EventType "swiss"]
[EventRounds "7"]
[EventCountry "CAN"]

1. e4 e5 2. d4 f6 3. dxe5 fxe5 4. Qh5+ g6 5. Qxe5+ Ne7 6. Qxh8 Nbc6 7. Bh6 d6 8. Qxf8+ Kd7 9. Qf3 Ne5 10. Qh3+ Ke8 11. Qa3 Be6 12. Qa4+ c6 13. Nh3 Bxh3 14. gxh3 a5 15. f4 Nf3+ 16. Ke2 Nh4 17. Ke1 Nf3+ 18. Kf2 Nh4 19. Bc4 b5 20. Bxb5 cxb5 21. Qxb5+ Qd7 22. Nc3 Qxb5 23. Nxb5 Rb8 24. Nd4 Rb4 25. Ke3 Ng2+ 26. Kd3 Rxb2 27. Rhg1 Nxf4+ 28. Bxf4 d5 29. exd5 Nxd5 30. Ke4 Nc3+ 31. Kd3 Nd5 32. Bc1 Rb4 33. Bd2 Rb6 34. Bxa5 Rc6 35. Rge1+ Kd7 36. Rab1 Nf4+ 37. Kd2 Rd6 38. Rb7+ Kc8 39. Rc7+ Kd8 40. Rf7+ Kc8 41. Re8+ Rd8 42. Rxd8# 1-0

[Event "CYCC U10 w"]
[Site "Kapuskasing CAN"]
[Date "2004.07.09"]
[Round "7"]
[White "Arseneau, Severine"]
[Black "Botez, Alexandra"]
[Result "0-1"]
[WhiteElo "697"]
[BlackElo "1272"]
[PlyCount "134"]
[GameId "2160767911095841"]
[EventDate "2004.07.06"]
[EventType "swiss"]
[EventRounds "7"]
[EventCountry "CAN"]

1. e4 c5 2. Nf3 e6 3. d4 cxd4 4. Nxd4 g6 5. Bd3 Bg7 6. Nf3 Ne7 7. O-O O-O 8. Nc3 Nbc6 9. Re1 b6 10. Bb5 Bb7 11. Bf4 f5 12. e5 a6 13. Bxc6 Nxc6 14. Qd2 Na7 15. Re3 Bc6 16. Bg5 Qc7 17. Rd1 Rf7 18. Qd6 Rc8 19. Qxc7 Rxc7 20. Nd4 f4 21. Red3 h6 22. Nxc6 dxc6 23. Bd8 Rb7 24. Bf6 Bxf6 25. exf6 Rxf6 26. Rd7 Rf7 27. Rxb7 Rxb7 28. Rd8+ Kg7 29. Ne4 Rc7 30. g4 fxg3 31. hxg3 Rf7 32. Nd6 Re7 33. Kf1 Kf6 34. Rb8 b5 35. f4 Rd7 36. Ne4+ Kf5 37. Nc5 Rh7 38. b3 a5 39. a4 bxa4 40. bxa4 Rf7 41. Kf2 e5 42. Kf3 exf4 43. gxf4 h5 44. Kg3 h4+ 45. Kxh4 Kxf4 46. Rh8 g5+ 47. Kh5 Rf5 48. Ne6+ Kg3 49. Nxg5 Kf4 50. Rg8 c5 51. c4 Nc6 52. Kg6 Ne7+ 53. Kh7 Nxg8 54. Kxg8 Kxg5 55. Kg7 Kf4 56. Kg6 Ke5 57. Kg7 Ke6 58. Kg6 Rf1 59. Kg5 Ke5 60. Kg4 Rf8 61. Kg5 Rg8+ 62. Kh6 Kf5 63. Kh7 Rg2 64. Kh6 Rg1 65. Kh7 Kf6 66. Kh8 Kf7 67. Kh7 Rh1# 0-1

[Event "CYCC U10 w"]
[Site "Kapuskasing CAN"]
[Date "2004.07.09"]
[Round "7"]
[White "Frenette, Carolyne"]
[Black "Roy, Myriam"]
[Result "0-1"]
[WhiteElo "505"]
[BlackElo "985"]
[PlyCount "120"]
[GameId "2160767911095842"]
[EventDate "2004.07.06"]
[EventType "swiss"]
[EventRounds "7"]
[EventCountry "CAN"]

1. d4 d5 2. f4 f5 3. e3 Nf6 4. Nc3 e6 5. Bd2 Nc6 6. Qe2 Bb4 7. O-O-O a6 8. g3 Qe7 9. Bh3 Bd7 10. g4 g6 11. gxf5 gxf5 12. Bg2 O-O-O 13. Bf3 Kb8 14. a3 Ba5 15. Bh5 Nxh5 16. Qxh5 Qg7 17. Nf3 Qg6 18. Qg5 Qf7 19. Rhg1 Rhg8 20. Qh4 Kc8 21. Ng5 Qe7 22. Qxh7 Qxh7 23. Nxh7 Rh8 24. Ng5 Rxh2 25. Nf3 Rf2 26. Rg3 Bxc3 27. Bxc3 Be8 28. Be1 Rxf3 29. Rxf3 Bh5 30. Rh3 Bxd1 31. Kxd1 Kd7 32. Bh4 Rh8 33. b4 Ne7 34. Ke2 Ng6 35. Kf2 Rxh4 36. Rxh4 Nxh4 37. c3 Ng6 38. Kg3 Ne7 39. Kh4 Nc6 40. a4 b6 41. Kg5 Ke7 42. Kg6 Nd8 43. b5 axb5 44. axb5 Nb7 45. Kg5 Na5 46. Kh4 Nc4 47. Kg3 Nxe3 48. Kf2 Nd1+ 49. Ke2 Nxc3+ 50. Kd2 Nxb5 51. Kd3 Kd6 52. Ke3 c5 53. dxc5+ bxc5 54. Kd3 c4+ 55. Kc2 d4 56. Kd2 Kd5 57. Ke2 Ke4 58. Kd2 c3+ 59. Kc2 d3+ 60. Kc1 Ke3 0-1

[Event "CYCC U10 w"]
[Site "Kapuskasing CAN"]
[Date "2004.07.09"]
[Round "7"]
[White "Nguyen, Bich-Lan"]
[Black "Packo, Bianca"]
[Result "1-0"]
[WhiteElo "923"]
[BlackElo "794"]
[PlyCount "51"]
[GameId "2160767911095844"]
[EventDate "2004.07.06"]
[EventType "swiss"]
[EventRounds "7"]
[EventCountry "CAN"]

1. e4 Nh6 2. d4 a5 3. Nf3 Ra6 4. Nc3 Re6 5. Bc4 Rf6 6. O-O Ng8 7. Ne5 d6 8. Nd3 Nc6 9. Bb5 Rg6 10. d5 Qd7 11. e5 Qh3 12. Nf4 Qh4 13. Nxg6 hxg6 14. f3 Bh3 15. gxh3 Qxh3 16. Kf2 Rh4 17. Rh1 e6 18. dxc6 bxc6 19. Bxc6+ Kd8 20. Bg5+ Be7 21. Bxh4 Bxh4+ 22. Ke2 Ne7 23. exd6 cxd6 24. Qxd6+ Kc8 25. Qd7+ Kb8 26. Qb7# 1-0

[Event "CYCC U10 w"]
[Site "Kapuskasing CAN"]
[Date "2004.07.09"]
[Round "7"]
[White "Orlova, Yelizaveta"]
[Black "Ruiter, Erika"]
[Result "1-0"]
[WhiteElo "1108"]
[BlackElo "758"]
[PlyCount "37"]
[GameId "2160767911095845"]
[EventDate "2004.07.06"]
[EventType "swiss"]
[EventRounds "7"]
[EventCountry "CAN"]

1. e4 e5 2. Nf3 Nc6 3. Nc3 d5 4. Nxd5 Bg4 5. d3 Bxf3 6. Qxf3 Nd4 7. Qd1 c6 8. Nc3 Qa5 9. Be2 Bb4 10. O-O Bxc3 11. bxc3 Qxc3 12. Bd2 Nxe2+ 13. Qxe2 Qxc2 14. Rfc1 Qa4 15. Qg4 Nf6 16. Qxg7 Rg8 17. Qxf6 Qb5 18. Bg5 Qb6 19. Qe7# 1-0

[Event "CYCC U10 w"]
[Site "Kapuskasing CAN"]
[Date "2004.07.09"]
[Round "7"]
[White "Valeriote, Alexandra"]
[Black "Arseneau, Josiane"]
[Result "1-0"]
[WhiteElo "836"]
[BlackElo "602"]
[PlyCount "71"]
[GameId "2160767911095846"]
[EventDate "2004.07.06"]
[EventType "swiss"]
[EventRounds "7"]
[EventCountry "CAN"]

1. e4 e5 2. d4 Nc6 3. dxe5 Nxe5 4. Nf3 Ng6 5. Nc3 Bb4 6. Bd2 Nf6 7. a3 Bd6 8. Bg5 Be7 9. Bxf6 Bxf6 10. Bc4 O-O 11. O-O Bxc3 12. bxc3 d6 13. Re1 Qe8 14. Ng5 Bd7 15. Bxf7+ Rxf7 16. Nxf7 Qxf7 17. g3 Bc6 18. Qg4 Bd7 19. Qg5 h6 20. Qh5 Ne5 21. Qxf7+ Nxf7 22. Rad1 c6 23. e5 dxe5 24. Rxd7 Rd8 25. Rxd8+ Nxd8 26. Rxe5 Kf8 27. Ra5 Ke8 28. Rxa7 Nf7 29. Rxb7 Ne5 30. Rxg7 Nf3+ 31. Kg2 Ne1+ 32. Kh3 Nf3 33. Kg4 Nxh2+ 34. Kf5 Nf1 35. Ke6 Nxg3 36. Rg8# 1-0

[Event "CYCC U12"]
[Site "Kapuskasing CAN"]
[Date "2004.07.06"]
[Round "1"]
[White "Chung, Kevin"]
[Black "Dawson, Jeffrey"]
[Result "1-0"]
[WhiteElo "2007"]
[BlackElo "1224"]
[PlyCount "59"]
[GameId "2160767911095847"]
[EventDate "2004.07.06"]
[EventType "swiss"]
[EventRounds "7"]
[EventCountry "CAN"]
[SourceTitle "EXT 2006"]
[Source "ChessBase"]
[SourceDate "2005.11.24"]
[SourceVersion "1"]
[SourceVersionDate "2005.11.24"]
[SourceQuality "1"]

1. e4 d5 2. exd5 Qxd5 3. Nc3 Qa5 4. d4 Bf5 5. Nf3 Nf6 6. Bc4 e6 7. Bd2 c6 8. O-O Nbd7 9. Re1 Bd6 10. Nb5 cxb5 11. Bxa5 bxc4 12. Ne5 b6 13. Nxd7 Nxd7 14. d5 O-O 15. dxe6 Bxe6 16. Qxd6 bxa5 17. Rad1 Nf6 18. f3 h6 19. Re5 a4 20. Rb5 a6 21. Rb6 Bc8 22. g4 Ne8 23. Qc6 Nf6 24. Qxa8 Be6 25. Qxa6 Bd5 26. Rxf6 gxf6 27. Rxd5 Kg7 28. Rf5 Rd8 29. Qxf6+ Kf8 30. Qxf7# 1-0

[Event "CYCC U12"]
[Site "Kapuskasing CAN"]
[Date "2004.07.06"]
[Round "1"]
[White "Gibson, Kevin"]
[Black "Moore, Zachary"]
[Result "1-0"]
[WhiteElo "1473"]
[BlackElo "957"]
[PlyCount "21"]
[GameId "2160767911095848"]
[EventDate "2004.07.06"]
[EventType "swiss"]
[EventRounds "7"]
[EventCountry "CAN"]
[SourceTitle "EXT 2006"]
[Source "ChessBase"]
[SourceDate "2005.11.24"]
[SourceVersion "1"]
[SourceVersionDate "2005.11.24"]
[SourceQuality "1"]

1. d4 e6 2. e4 f5 3. exf5 exf5 4. Nf3 Qe7+ 5. Be2 Qb4+ 6. c3 Qb6 7. O-O d5 8. Re1 Qa6 9. Bxa6+ Kd8 10. Qe2 bxa6 11. Qe8# 1-0

[Event "CYCC U12"]
[Site "Kapuskasing CAN"]
[Date "2004.07.06"]
[Round "1"]
[White "Greene, Spencer"]
[Black "Jiang, Bowen"]
[Result "0-1"]
[WhiteElo "935"]
[BlackElo "1385"]
[PlyCount "48"]
[GameId "2160767911095849"]
[EventDate "2004.07.06"]
[EventType "swiss"]
[EventRounds "7"]
[EventCountry "CAN"]
[SourceTitle "EXT 2006"]
[Source "ChessBase"]
[SourceDate "2005.11.24"]
[SourceVersion "1"]
[SourceVersionDate "2005.11.24"]
[SourceQuality "1"]

1. Nf3 d5 2. c3 c5 3. Qc2 Nc6 4. d4 e6 5. dxc5 Bxc5 6. Qd2 Nf6 7. Qf4 Ne4 8. h4 Bxf2+ 9. Kd1 Bc5 10. Ng5 Nf2+ 11. Kd2 O-O 12. Qf3 Nxh1 13. Qh5 h6 14. b3 Ng3 15. Qg4 Nxf1+ 16. Ke1 e5 17. Qh5 Ne3 18. Nf3 Bg4 19. Nxe5 Bxh5 20. Nd3 Nc2+ 21. Kd2 Nxa1 22. b4 Be3+ 23. Kxe3 Qe7+ 24. Kd2 Qxe2# 0-1